|
|
|
|
| LEADER |
00000cam a2200000 7i4500 |
| 001 |
0000046071 |
| 005 |
20150825.0 |
| 008 |
150307 |
| 020 |
|
|
|a 818056486x
|
| 020 |
|
|
|a 9798180562906
|
| 090 |
0 |
0 |
|a 615.53
|b RIC
|
| 100 |
1 |
|
|a Richberg, Inga-Maria
|
| 245 |
1 |
0 |
|a Gentle Healing With Homeopathy
|c Inga-Maria Richberg
|
| 260 |
|
|
|a India
|a B. Jain Publishers(P) Ltd. ,
|c 1997
|
| 500 |
|
|
|a Includes Index(234-240)
|
| 650 |
|
0 |
|a Homeopathy
|x Materia medica and therapeutics
|
| 650 |
|
0 |
|a Homeopathy
|x Popular works
|
| 700 |
1 |
|
|a Reinersmann, Elisabeth E.
|
| 999 |
|
|
|a 0001265669
|b Book
|c Adult Collection
|e Cawangan Pontian
|
| 999 |
|
|
|a 0001285204
|b Book
|c Adult Collection
|e Cawangan Pontian
|
| 999 |
|
|
|a 0001285207
|b Book
|c Adult Collection
|e Cawangan Taman Sri Lambak
|
| 999 |
|
|
|a 0001285208
|b Book
|c Adult Collection
|e Cawangan Bandar Penawar
|
| 999 |
|
|
|a 0001285210
|b Book
|c Adult Collection
|e Cawangan Bandar Tenggara
|
| 999 |
|
|
|a 0001285211
|b Book
|c Adult Collection
|e Cawangan Tangkak
|
| 999 |
|
|
|a 0001285212
|b Book
|c Adult Collection
|e Cawangan Mersing
|
| 999 |
|
|
|a 0001285213
|b Book
|c Adult Collection
|e Cawangan Bukit Gambir
|
| 999 |
|
|
|a 0001285215
|b Book
|c Adult Collection
|e Cawangan Segamat
|